000 00304nam a2200133Ia 4500
008 100328s9999 xx 000 0 und d
082 _b16294
100 _aHilher Adolf
245 _aIs Parts Burning
260 _bPocket
630 _aIs Parts Burning
730 _aIs Parts Burning
942 _cBOOK
999 _c510997
_d510994